[Event "NED-ch 1979"]
[Site "Leeuwarden"]
[Date "1979.??.??"]
[Round "9"]
[White "Ree, Hans"]
[Black "Van der Wiel, John"]
[Result "1-0"]
[WhiteElo "2480"]
[BlackElo "2200"]
[PlyCount "117"]
[EventDate "1979.??.??"]
[Source "ChessBase"]
[SourceDate "1999.07.01"]

1. c4 g6 2. d4 Bg7 3. Nc3 Nf6 4. e4 d6 5. f3 O-O 6. Be3 a6 7. Qd2 b6 8. Nge2 c5
9. O-O-O Nc6 10. h4 Na5 11. Ng3 cxd4 12. Bxd4 Be6 13. Nd5 Bxd5 14. cxd5 Rc8+
15. Kb1 Nc4 16. Bxc4 Rxc4 17. Ne2 Qb8 18. Rc1 Rfc8 19. Rxc4 Rxc4 20. h5 b5 21.
hxg6 hxg6 22. b3 Rc7 23. e5 dxe5 24. Bxe5 Ne4 25. fxe4 Bxe5 26. Nd4 Bg7 27. Nc6
Qb6 28. Qf4 e5 29. Qd2 Rd7 30. g4 Qc5 31. g5 Qd6 32. Rc1 f5 33. gxf6 Qxf6 34.
Qg2 Bh6 35. Rh1 Bf4 36. Qh3 Rc7 37. Nd8 b4 38. Ne6 Rf7 39. Qd3 Rh7 40. Rxh7
Kxh7 41. Qxa6 Bd2 42. Qe2 Bc3 43. Kc2 Bd4 44. Qf3 Qe7 45. Qf8 Bc5 46. Qxe7+
Bxe7 47. Kd3 Kh6 48. Nc7 g5 49. Nb5 g4 50. d6 Bf6 51. Nc7 Kh5 52. Nd5 Bg5 53.
Ke2 Kh4 54. Nxb4 g3 55. Nd3 g2 56. Nxe5 g1=N+ 57. Kd3 Nh3 58. d7 Nf4+ 59. Kc4
1-0

[Event "NED-ch 1979"]
[Site "Leeuwarden"]
[Date "1979.??.??"]
[Round "9"]
[White "Van Dop, Arend"]
[Black "Hofland, Leonard"]
[Result "1/2-1/2"]
[WhiteElo "2300"]
[BlackElo "2295"]
[PlyCount "34"]
[EventDate "1979.??.??"]
[Source "ChessBase"]
[SourceDate "1999.07.01"]

1. e4 d6 2. d4 Nf6 3. Nc3 g6 4. f4 Bg7 5. Nf3 c5 6. dxc5 Qa5 7. Bd3 Qxc5 8. Qe2
Bg4 9. Be3 Qa5 10. O-O Nc6 11. a3 O-O 12. Kh1 Nd7 13. Qe1 Nc5 14. b4 Nxd3 15.
cxd3 Qd8 16. Rc1 Bxf3 17. Rxf3 Nd4 1/2-1/2

[Event "NED-ch 1979"]
[Site "Leeuwarden"]
[Date "1979.??.??"]
[Round "10"]
[White "Donner, Jan Hein"]
[Black "Baljon, Christofoor"]
[Result "1-0"]
[WhiteElo "2465"]
[BlackElo "2255"]
[PlyCount "55"]
[EventDate "1979.??.??"]
[Source "ChessBase"]
[SourceDate "1999.07.01"]

1. d4 Nf6 2. c4 g6 3. g3 Bg7 4. Bg2 O-O 5. Nf3 d6 6. O-O Nbd7 7. Qc2 e5 8. Rd1
Re8 9. Nc3 c6 10. e4 a6 11. h3 b5 12. c5 exd4 13. Nxd4 Nxc5 14. Nxc6 Qc7 15.
Nb4 Bb7 16. Bf4 Qa5 17. Nbd5 Bxd5 18. Nxd5 Nxd5 19. Rxd5 Rac8 20. Rc1 Bf8 21.
Qb1 Qb4 22. Bd2 Qa4 23. b3 Qa3 24. Rd1 Bg7 25. Bc1 Qb4 26. Rxd6 Nxe4 27. Bxe4
Rxe4 28. Ba3 1-0

[Event "NED-ch 1979"]
[Site "Leeuwarden"]
[Date "1979.??.??"]
[Round "10"]
[White "Hofland, Leonard"]
[Black "Hartoch, Rob"]
[Result "1/2-1/2"]
[WhiteElo "2295"]
[BlackElo "2395"]
[PlyCount "31"]
[EventDate "1979.??.??"]
[Source "ChessBase"]
[SourceDate "1999.07.01"]

1. c4 e6 2. Nc3 f5 3. e4 fxe4 4. Nxe4 Nf6 5. Nxf6+ Qxf6 6. Nf3 b6 7. Be2 Bb7 8.
d4 Bd6 9. O-O O-O 10. Bg5 Qg6 11. Bh4 Nc6 12. Bg3 Bxg3 13. hxg3 Ne7 14. Ne5 Qe8
15. Bh5 g6 16. Bf3 1/2-1/2

[Event "NED-ch 1979"]
[Site "Leeuwarden"]
[Date "1979.??.??"]
[Round "10"]
[White "Sosonko, Gennadi"]
[Black "Ligterink, Gert"]
[Result "1-0"]
[WhiteElo "2535"]
[BlackElo "2440"]
[PlyCount "57"]
[EventDate "1979.??.??"]
[Source "ChessBase"]
[SourceDate "1999.07.01"]

1. d4 Nf6 2. c4 g6 3. Nc3 Bg7 4. e4 d6 5. Be2 O-O 6. Nf3 e5 7. O-O Nbd7 8. Re1
c6 9. Bf1 a5 10. dxe5 dxe5 11. Na4 Re8 12. h3 Bf8 13. Be3 Rb8 14. Rc1 b6 15.
Qc2 Nc5 16. Nxc5 Bxc5 17. Bxc5 bxc5 18. Rcd1 Qc7 19. Qd2 a4 20. Qd6 Qxd6 21.
Rxd6 Kg7 22. Rxc6 Rxb2 23. Rxc5 Nd7 24. Rc7 Rxa2 25. c5 Rb2 26. Ra1 Rb7 27.
Rxb7 Bxb7 28. Bb5 Re7 29. c6 1-0

[Event "NED-ch 1979"]
[Site "Leeuwarden"]
[Date "1979.??.??"]
[Round "10"]
[White "Timman, Jan"]
[Black "Langeweg, Kick"]
[Result "1-0"]
[WhiteElo "2625"]
[BlackElo "2440"]
[PlyCount "41"]
[EventDate "1979.??.??"]
[Source "ChessBase"]
[SourceDate "1999.07.01"]

1. d4 Nf6 2. c4 e6 3. Nf3 d5 4. Nc3 c5 5. cxd5 Nxd5 6. e4 Nxc3 7. bxc3 cxd4 8.
cxd4 Bb4+ 9. Bd2 Bxd2+ 10. Qxd2 O-O 11. Bc4 Nd7 12. O-O b6 13. Rad1 Bb7 14. d5
Nc5 15. Rfe1 exd5 16. exd5 Qd6 17. Nd4 Qf6 18. Re3 Rad8 19. Rf3 Qh4 20. Nf5 Qf6
21. Nxg7 1-0

[Event "NED-ch 1979"]
[Site "Leeuwarden"]
[Date "1979.??.??"]
[Round "10"]
[White "Van der Vliet, Fred"]
[Black "Ree, Hans"]
[Result "1/2-1/2"]
[WhiteElo "2365"]
[BlackElo "2480"]
[PlyCount "41"]
[EventDate "1979.??.??"]
[Source "ChessBase"]
[SourceDate "1999.07.01"]

1. d4 Nf6 2. c4 e6 3. g3 c5 4. Nf3 cxd4 5. Nxd4 Bb4+ 6. Bd2 Qb6 7. Bg2 Bc5 8.
e3 Bxd4 9. exd4 Qxd4 10. O-O Nc6 11. Na3 O-O 12. Qc2 d5 13. Bc3 Qg4 14. Bxf6
gxf6 15. cxd5 exd5 16. Rfd1 Bf5 17. Qb3 Nd4 18. h3 Nxb3 19. hxg4 Bxg4 20. axb3
Bxd1 21. Rxd1 1/2-1/2

[Event "NED-ch 1979"]
[Site "Leeuwarden"]
[Date "1979.??.??"]
[Round "10"]
[White "Van der Weide, Piet"]
[Black "Van der Wiel, John"]
[Result "0-1"]
[WhiteElo "2290"]
[BlackElo "2200"]
[PlyCount "102"]
[EventDate "1979.??.??"]
[Source "ChessBase"]
[SourceDate "1999.07.01"]

1. e4 c5 2. Nf3 Nc6 3. d3 g6 4. g3 Bg7 5. Bg2 Nf6 6. O-O O-O 7. Nc3 d6 8. h3
Nd7 9. Be3 Nd4 10. Nh2 f5 11. Nd5 e6 12. Nf4 Nf6 13. c3 Nc6 14. exf5 gxf5 15.
Nh5 Nxh5 16. Qxh5 Bd7 17. Rad1 Qa5 18. a3 Qb5 19. Rd2 Ne5 20. Rfd1 Be8 21. Qe2
c4 22. d4 Nd3 23. Bg5 e5 24. a4 Qxa4 25. Be7 Rf7 26. Bd5 e4 27. f3 Kh8 28. Bxf7
Bxf7 29. fxe4 fxe4 30. Rf1 Bg6 31. Ng4 Qd7 32. Bf6 h5 33. Bxg7+ Kxg7 34. Nf2
Rf8 35. Nxd3 cxd3 36. Qe3 Rxf1+ 37. Kxf1 Qxh3+ 38. Kg1 Qg4 39. Rg2 Bf5 40. d5
Kg6 41. c4 Qg5 42. Qd4 e3 43. g4 hxg4 44. Qh8 Kf7 45. Rh2 d2 46. Rh7+ Bxh7 47.
Qxh7+ Kf6 48. Qh8+ Qg7 49. Qh4+ Kf5 50. Qh5+ Kf4 51. Qh2+ Kg5 0-1

[Event "NED-ch 1979"]
[Site "Leeuwarden"]
[Date "1979.??.??"]
[Round "11"]
[White "Baljon, Christofoor"]
[Black "Van der Weide, Piet"]
[Result "1-0"]
[WhiteElo "2255"]
[BlackElo "2290"]
[PlyCount "47"]
[EventDate "1979.??.??"]
[Source "ChessBase"]
[SourceDate "1999.07.01"]

1. e4 e5 2. Nf3 d6 3. d4 exd4 4. Qxd4 Nf6 5. Nc3 Be7 6. Bf4 O-O 7. O-O-O a6 8.
Bc4 b5 9. Be2 c5 10. Qd3 Qa5 11. Bxd6 Rd8 12. e5 Bxd6 13. exd6 Bb7 14. Ne5 Nbd7
15. f4 Re8 16. Bf3 c4 17. Qf5 Bxf3 18. gxf3 b4 19. Nd5 Qxa2 20. Rhg1 Rxe5 21.
Nxf6+ Nxf6 22. fxe5 Nd5 23. e6 fxe6 24. Rxg7+ 1-0

[Event "NED-ch 1979"]
[Site "Leeuwarden"]
[Date "1979.??.??"]
[Round "11"]
[White "Hartoch, Rob"]
[Black "Bohm, Hans"]
[Result "1/2-1/2"]
[WhiteElo "2395"]
[BlackElo "2410"]
[PlyCount "200"]
[EventDate "1979.??.??"]
[Source "ChessBase"]
[SourceDate "1999.07.01"]

1. c4 f5 2. Nf3 Nf6 3. g3 e6 4. Bg2 Be7 5. O-O O-O 6. b3 d6 7. d4 d5 8. Ba3 c6
9. Qc1 Bd7 10. Bxe7 Qxe7 11. Qa3 Qxa3 12. Nxa3 Be8 13. Ne5 Nbd7 14. Nxd7 Nxd7
15. Nc2 Bh5 16. Rfe1 a5 17. Bf3 Bxf3 18. exf3 Kf7 19. f4 Rfe8 20. c5 b6 21.
cxb6 Reb8 22. Re3 Rxb6 23. Rc1 Rc8 24. Rc3 Nf6 25. f3 Nd7 26. Kf2 Ke7 27. Ke3
c5 28. dxc5 Rxc5 29. Nd4 Kd6 30. a4 Rb4 31. Nb5+ Rcxb5 32. Rc6+ Ke7 33. axb5
Rxb3+ 34. R1c3 Rxb5 35. Rc7 Rb4 36. R3c6 Rb3+ 37. Kd4 Rb4+ 38. Kd3 Rb3+ 39. Kd4
Rb4+ 40. Kc3 Rb1 41. Kc2 Rb5 42. Ra7 Rb8 43. Raa6 Kf7 44. Rxa5 Rb7 45. Rca6 Nb6
46. Ra7 Rxa7 47. Rxa7+ Kf6 48. Kd3 h5 49. Kd4 Nc4 50. Ra2 Ke7 51. Kc5 Kf6 52.
Kc6 Ke7 53. Ra7+ Kf6 54. Kd7 e5 55. Ra6+ Kf7 56. Kc6 exf4 57. Kxd5 Nd2 58. Ra2
Nxf3 59. gxf4 g6 60. Rf2 Nh4 61. Ke5 Ke7 62. Rf1 Kf7 63. h3 Kg7 64. Rd1 Nf3+
65. Ke6 h4 66. Rd7+ Kh6 67. Rd1 Kg7 68. Rd7+ Kh6 69. Rd1 Kg7 70. Rf1 Nd2 71.
Ra1 Ne4 72. Ra7+ Kh6 73. Kf7 Kh7 74. Ra6 g5 75. fxg5 Nxg5+ 76. Kf6 Nxh3 77.
Kxf5 Nf2 78. Ra2 Nh1 79. Rh2 Ng3+ 80. Kf4 Kg6 81. Rxh4 Nh5+ 82. Ke5 Kg5 83. Rh2
Kg4 84. Rg2+ Ng3 85. Rf2 Nh5 86. Rf8 Ng3 87. Rf7 Nh5 88. Rf1 Ng3 89. Ra1 Kg5
90. Ra4 Nh5 91. Ra8 Nf6 92. Ra5 Nh5 93. Ra7 Kg4 94. Rf7 Ng3 95. Rf4+ Kg5 96.
Rd4 Nh5 97. Rd1 Ng3 98. Rd8 Kg4 99. Rg8+ Kf3 100. Rxg3+ Kxg3 1/2-1/2

[Event "NED-ch 1979"]
[Site "Leeuwarden"]
[Date "1979.??.??"]
[Round "11"]
[White "Langeweg, Kick"]
[Black "Donner, Jan Hein"]
[Result "0-1"]
[WhiteElo "2440"]
[BlackElo "2465"]
[PlyCount "24"]
[EventDate "1979.??.??"]
[Source "ChessBase"]
[SourceDate "1999.07.01"]

1. d4 d5 2. Nf3 Nf6 3. c4 e6 4. Nc3 Be7 5. Bg5 O-O 6. Qc2 h6 7. Bxf6 Bxf6 8. e4
dxe4 9. Qxe4 c5 10. O-O-O Nc6 11. Bd3 g6 12. Ne5 Qxd4 0-1

[Event "NED-ch 1979"]
[Site "Leeuwarden"]
[Date "1979.??.??"]
[Round "11"]
[White "Ligterink, Gert"]
[Black "Timman, Jan"]
[Result "1-0"]
[WhiteElo "2440"]
[BlackElo "2625"]
[PlyCount "59"]
[EventDate "1979.??.??"]
[Source "ChessBase"]
[SourceDate "1999.07.01"]

1. e4 e5 2. Nf3 Nc6 3. Bb5 a6 4. Ba4 d6 5. O-O Bd7 6. c3 Nf6 7. d4 Qe7 8. Re1
g6 9. Nbd2 Bg7 10. dxe5 dxe5 11. Nf1 O-O 12. Bg5 h6 13. Bh4 Rad8 14. Qe2 g5 15.
Bg3 Nh5 16. Ne3 Nf4 17. Bxf4 exf4 18. Nd5 Qc5 19. b4 Qd6 20. Rad1 b5 21. e5
Nxe5 22. Nxe5 Bxe5 23. Qxe5 Qxe5 24. Rxe5 f6 25. Ne7+ Kg7 26. Red5 bxa4 27.
Rxd7 Rxd7 28. Rxd7 Kf7 29. Rxc7 Ke6 30. c4 1-0

[Event "NED-ch 1979"]
[Site "Leeuwarden"]
[Date "1979.??.??"]
[Round "11"]
[White "Ree, Hans"]
[Black "Hofland, Leonard"]
[Result "1-0"]
[WhiteElo "2480"]
[BlackElo "2295"]
[PlyCount "79"]
[EventDate "1979.??.??"]
[Source "ChessBase"]
[SourceDate "1999.07.01"]

1. d4 Nf6 2. c4 g6 3. Nc3 Bg7 4. e4 d6 5. f3 Nc6 6. Be3 a6 7. Qd2 Rb8 8. O-O-O
Bd7 9. h4 O-O 10. Nge2 h5 11. Bh6 b5 12. Bxg7 Kxg7 13. Qe3 e5 14. c5 b4 15. Nb1
exd4 16. Nxd4 Nxd4 17. Qxd4 Be6 18. Nd2 Qe8 19. Bc4 dxc5 20. Qxc5 Bxc4 21. Nxc4
b3 22. a3 Rb5 23. Qd4 Qe6 24. Rd3 Re8 25. Ne3 Kg8 26. Rhd1 Rb6 27. Kb1 Rd6 28.
Qc4 Qxc4 29. Nxc4 Rc6 30. Nd2 Rb8 31. Nxb3 Kg7 32. R1d2 Ne8 33. Rc2 Rcb6 34.
Nc5 Nd6 35. Nd7 Rb3 36. Rxd6 cxd6 37. Nxb8 Rxb8 38. Rc6 Rd8 39. Rxa6 d5 40. e5
1-0

[Event "NED-ch 1979"]
[Site "Leeuwarden"]
[Date "1979.??.??"]
[Round "11"]
[White "Van der Wiel, John"]
[Black "Van der Vliet, Fred"]
[Result "1/2-1/2"]
[WhiteElo "2200"]
[BlackElo "2365"]
[PlyCount "42"]
[EventDate "1979.??.??"]
[Source "ChessBase"]
[SourceDate "1999.07.01"]

1. e4 c5 2. Nf3 d6 3. d4 cxd4 4. Nxd4 Nf6 5. Nc3 a6 6. f4 Qc7 7. Bd3 g6 8. Nf3
Bg7 9. O-O Nbd7 10. Qe1 b5 11. e5 dxe5 12. fxe5 Ng4 13. e6 fxe6 14. Qe4 Qa7+
15. Kh1 Ndf6 16. Qe2 O-O 17. a4 b4 18. Ne4 Nd5 19. Nf2 Nxf2+ 20. Rxf2 Bd7 21.
h4 Nf4 1/2-1/2

[Event "NED-ch 1979"]
[Site "Leeuwarden"]
[Date "1979.??.??"]
[Round "12"]
[White "Baljon, Christofoor"]
[Black "Langeweg, Kick"]
[Result "0-1"]
[WhiteElo "2255"]
[BlackElo "2440"]
[PlyCount "72"]
[EventDate "1979.??.??"]
[Source "ChessBase"]
[SourceDate "1999.07.01"]

1. e4 c5 2. Nf3 e6 3. d4 cxd4 4. Nxd4 Nc6 5. Nc3 a6 6. g3 Qc7 7. Bg2 Nf6 8. O-O
Nxd4 9. Qxd4 Bc5 10. Qd3 d6 11. Na4 Ba7 12. Bf4 e5 13. Bg5 Ng8 14. Rfd1 h6 15.
Be3 Ke7 16. c4 Nf6 17. Rac1 Bxe3 18. Qxe3 Bg4 19. f3 Be6 20. c5 d5 21. f4 exf4
22. gxf4 dxe4 23. Bxe4 Nxe4 24. Qxe4 Qc6 25. Qxc6 bxc6 26. Rd6 g5 27. Rxc6 gxf4
28. Rb6 Rad8 29. Rc2 Rhg8+ 30. Kf2 Rd1 31. Nc3 Rh1 32. Kf3 Rf1+ 33. Ke2 Bc4+
34. Kd2 Rg2+ 35. Ne2 Rxe2+ 36. Kc3 Rf3+ 0-1

[Event "NED-ch 1979"]
[Site "Leeuwarden"]
[Date "1979.??.??"]
[Round "12"]
[White "Bohm, Hans"]
[Black "Ree, Hans"]
[Result "0-1"]
[WhiteElo "2410"]
[BlackElo "2480"]
[PlyCount "66"]
[EventDate "1979.??.??"]
[Source "ChessBase"]
[SourceDate "1999.07.01"]

1. d4 Nf6 2. c4 c5 3. dxc5 e6 4. Nc3 Bxc5 5. Nf3 O-O 6. e3 b6 7. Be2 Bb7 8. a3
d5 9. b4 Be7 10. Bb2 Nbd7 11. O-O dxc4 12. Bxc4 Qc7 13. Qe2 Ng4 14. Nb5 Qb8 15.
Nbd4 Bf6 16. h3 Nge5 17. Nxe5 Nxe5 18. Ba2 Ng6 19. Rac1 Rc8 20. Rxc8+ Qxc8 21.
Rc1 Qd7 22. b5 Rc8 23. Rxc8+ Qxc8 24. a4 Qc5 25. Qc4 Bd5 26. Qxc5 bxc5 27. Bxd5
exd5 28. a5 cxd4 29. b6 a6 30. exd4 Ne7 31. Kf1 Kf8 32. Ke2 Ke8 33. Kd3 Kd7 0-1

[Event "NED-ch 1979"]
[Site "Leeuwarden"]
[Date "1979.??.??"]
[Round "12"]
[White "Donner, Jan Hein"]
[Black "Ligterink, Gert"]
[Result "0-1"]
[WhiteElo "2465"]
[BlackElo "2440"]
[PlyCount "70"]
[EventDate "1979.??.??"]
[Source "ChessBase"]
[SourceDate "1999.07.01"]

1. d4 g6 2. c4 Bg7 3. Nc3 d6 4. e4 Nf6 5. Be2 O-O 6. Nf3 e5 7. O-O Nbd7 8. Re1
c6 9. Bf1 a5 10. Rb1 exd4 11. Nxd4 Re8 12. Bf4 Ne5 13. h3 Nfd7 14. Qd2 Nc5 15.
Red1 Qe7 16. Be3 Ned7 17. Re1 Nf6 18. f3 Qc7 19. Bf2 b6 20. Red1 Bb7 21. Qc2
Rad8 22. a3 d5 23. cxd5 cxd5 24. Ndb5 Qf4 25. Ne2 Qe5 26. Bd4 Qe7 27. e5 Nfd7
28. Nd6 Nxe5 29. Nxe8 Rxe8 30. Nc3 Ne6 31. Bxe5 Bxe5 32. Nxd5 Qg5 33. Qf2 Bxd5
34. Rxd5 Nf4 35. Rxe5 Nxh3+ 0-1

[Event "NED-ch 1979"]
[Site "Leeuwarden"]
[Date "1979.??.??"]
[Round "12"]
[White "Hofland, Leonard"]
[Black "Van der Wiel, John"]
[Result "0-1"]
[WhiteElo "2295"]
[BlackElo "2200"]
[PlyCount "81"]
[EventDate "1979.??.??"]
[Source "ChessBase"]
[SourceDate "1999.07.01"]

1. g3 g6 2. Bg2 Bg7 3. c4 Nf6 4. Nc3 O-O 5. Nf3 d6 6. O-O e5 7. d4 Nbd7 8. b3
Re8 9. Qc2 c6 10. Rd1 exd4 11. Nxd4 Nc5 12. Bb2 Qb6 13. Rab1 a5 14. Ba1 Ng4 15.
h3 Nxf2 16. Na4 Qa7 17. Kxf2 Bf5 18. Qd2 Bxb1 19. Rxb1 Ne4+ 20. Bxe4 Rxe4 21.
e3 Rae8 22. Nc2 Bxa1 23. Rxa1 R4e5 24. Nc3 Qb8 25. Kg2 h5 26. Rd1 Rd8 27. e4
Rd7 28. Nd4 Qf8 29. Nf3 Ree7 30. Qd4 Qh6 31. h4 Qg7 32. e5 dxe5 33. Qxd7 Rxd7
34. Rxd7 Qf8 35. Ng5 f5 36. Ne6 Qa3 37. Na4 Qxa2+ 38. Kf1 Qxb3 39. Nac5 Qxc4+
40. Kg2 b6 41. Rd8+ 0-1

[Event "NED-ch 1979"]
[Site "Leeuwarden"]
[Date "1979.??.??"]
[Round "12"]
[White "Sosonko, Gennadi"]
[Black "Hartoch, Rob"]
[Result "1/2-1/2"]
[WhiteElo "2535"]
[BlackElo "2395"]
[PlyCount "68"]
[EventDate "1979.??.??"]
[Source "ChessBase"]
[SourceDate "1999.07.01"]

1. d4 Nf6 2. c4 e6 3. g3 Bb4+ 4. Bd2 Bxd2+ 5. Qxd2 O-O 6. Bg2 d5 7. Nf3 c6 8.
Qc2 b6 9. Nbd2 Bb7 10. e4 dxe4 11. Nxe4 Nxe4 12. Qxe4 Nd7 13. O-O Rb8 14. Rad1
c5 15. Qe3 Qc7 16. d5 exd5 17. cxd5 Rfe8 18. d6 Qd8 19. Qc3 Ba6 20. Rfe1 Be2
21. Rd5 Bxf3 22. Rxe8+ Qxe8 23. Bxf3 Rd8 24. Rd1 Qe5 25. Qa3 Nf8 26. Qxa7 Rxd6
27. Rxd6 Qxd6 28. Qa8 g6 29. Qc6 Qxc6 30. Bxc6 Ne6 31. f4 Kf8 32. Kf2 Ke7 33.
Ke3 Nd4 34. Bd5 Nf5+ 1/2-1/2

[Event "NED-ch 1979"]
[Site "Leeuwarden"]
[Date "1979.??.??"]
[Round "12"]
[White "Timman, Jan"]
[Black "Van Dop, Arend"]
[Result "1-0"]
[WhiteElo "2625"]
[BlackElo "2300"]
[PlyCount "79"]
[EventDate "1979.??.??"]
[Source "ChessBase"]
[SourceDate "1999.07.01"]

1. c4 Nf6 2. Nc3 d5 3. cxd5 Nxd5 4. Nf3 g6 5. Qa4+ Bd7 6. Qh4 Bc6 7. Qd4 Nf6 8.
Qxd8+ Kxd8 9. Ne5 Be8 10. d4 Nc6 11. Bf4 Nh5 12. Nxc6+ Bxc6 13. d5 Nxf4 14.
dxc6 bxc6 15. e3 Ne6 16. Bc4 Bg7 17. O-O-O+ Ke8 18. Bxe6 fxe6 19. Ne4 Rb8 20.
Rd2 Rf8 21. b3 Rf5 22. Rc2 Re5 23. Nc5 Rb5 24. Na4 Kd7 25. Kd2 Rh5 26. Ke2 Rbd5
27. h3 Rhe5 28. f4 Rh5 29. Rhc1 Rd6 30. Nc5+ Ke8 31. Ne4 Ra5 32. a4 Rd8 33.
Rxc6 e5 34. Nc5 exf4 35. exf4 Rd5 36. b4 Rdxc5 37. bxa5 Rxa5 38. R1c4 Bh6 39.
Rxc7 g5 40. Re4 1-0

[Event "NED-ch 1979"]
[Site "Leeuwarden"]
[Date "1979.??.??"]
[Round "12"]
[White "Van der Weide, Piet"]
[Black "Van der Vliet, Fred"]
[Result "0-1"]
[WhiteElo "2290"]
[BlackElo "2365"]
[PlyCount "98"]
[EventDate "1979.??.??"]
[Source "ChessBase"]
[SourceDate "1999.07.01"]

1. e4 c5 2. Nf3 Nc6 3. d3 g6 4. g3 Bg7 5. Bg2 e5 6. O-O Nge7 7. Be3 d6 8. Qd2
O-O 9. Bh6 Bxh6 10. Qxh6 f6 11. c3 Be6 12. Nbd2 Qd7 13. a3 b6 14. Rfd1 Rad8 15.
Nf1 d5 16. b4 cxb4 17. axb4 Qc7 18. Rdc1 a5 19. Ne3 axb4 20. cxb4 Qd7 21. Rab1
Rc8 22. h4 d4 23. Nc4 Rb8 24. h5 b5 25. Ncd2 Qd6 26. Nh4 g5 27. Nhf3 Rf7 28.
Nxg5 fxg5 29. Nb3 Rbf8 30. Nc5 Rf6 31. Qxg5+ Kh8 32. Rf1 h6 33. Qd2 Bg8 34.
Rbe1 Qc7 35. Bh3 Nb8 36. f4 Kg7 37. Re2 Nec6 38. Rg2 Qe7 39. Bf5 Bf7 40. g4
exf4 41. Qxf4 Kh8 42. Qd2 Ne5 43. Qb2 Nbc6 44. Ra1 Rd6 45. Ra6 Qg5 46. Rb6 Qe3+
47. Qf2 Nf3+ 48. Kf1 Qc1+ 49. Ke2 Nce5 0-1

[Event "NED-ch 1979"]
[Site "Leeuwarden"]
[Date "1979.??.??"]
[Round "13"]
[White "Langeweg, Kick"]
[Black "Van der Weide, Piet"]
[Result "1-0"]
[WhiteElo "2440"]
[BlackElo "2290"]
[PlyCount "49"]
[EventDate "1979.??.??"]
[Source "ChessBase"]
[SourceDate "1999.07.01"]

1. d4 f5 2. Nf3 Nf6 3. g3 g6 4. Bg2 Bg7 5. O-O d6 6. c4 O-O 7. Nc3 c6 8. b3 Na6
9. Bb2 Bd7 10. Re1 Nh5 11. d5 Qa5 12. Qd2 cxd5 13. cxd5 Rac8 14. Rac1 f4 15. e3
fxg3 16. hxg3 Nf6 17. Nd4 Nc7 18. Rc2 a6 19. Rec1 Na8 20. Ne6 Bxe6 21. dxe6 Nb6
22. Nd5 Qxd2 23. Nxe7+ Kh8 24. Rxd2 Rxc1+ 25. Bxc1 1-0

[Event "NED-ch 1979"]
[Site "Leeuwarden"]
[Date "1979.??.??"]
[Round "13"]
[White "Van Dop, Arend"]
[Black "Donner, Jan Hein"]
[Result "1/2-1/2"]
[WhiteElo "2300"]
[BlackElo "2465"]
[PlyCount "69"]
[EventDate "1979.??.??"]
[Source "ChessBase"]
[SourceDate "1999.07.01"]

1. d4 d5 2. c4 e6 3. g3 Nf6 4. Bg2 dxc4 5. Nf3 Nbd7 6. Nbd2 Nb6 7. O-O c5 8.
Nxc4 Nxc4 9. Qa4+ Bd7 10. Qxc4 Qb6 11. Rd1 Be7 12. b3 Bb5 13. Qc2 O-O 14. a4
Bc6 15. Ba3 Be4 16. Qb2 Rfc8 17. Rac1 Bf8 18. dxc5 Bxc5 19. Bxc5 Rxc5 20. Rxc5
Qxc5 21. Rc1 Qb6 22. Qd4 Qxd4 23. Nxd4 Bxg2 24. Kxg2 Kf8 25. Nb5 Ne8 26. Kf3
Ke7 27. Ke3 a6 28. Nc7 Rc8 29. Nd5+ Kd8 30. Rxc8+ Kxc8 31. Nb6+ Kc7 32. Nc4 b5
33. axb5 axb5 34. Ne5 f6 35. Nd3 1/2-1/2

[Event "NED-ch 1979"]
[Site "Leeuwarden"]
[Date "1979.??.??"]
[Round "13"]
[White "Van der Vliet, Fred"]
[Black "Hofland, Leonard"]
[Result "1/2-1/2"]
[WhiteElo "2365"]
[BlackElo "2295"]
[PlyCount "65"]
[EventDate "1979.??.??"]
[Source "ChessBase"]
[SourceDate "1999.07.01"]

1. Nf3 Nf6 2. g3 e6 3. Bg2 d5 4. c4 Be7 5. O-O O-O 6. b3 c5 7. e3 b6 8. Bb2 Bb7
9. Qe2 Nbd7 10. Nc3 Rc8 11. Rac1 Qc7 12. d3 Bc6 13. Rfd1 Qb7 14. Nh4 Rfd8 15.
f4 Ne8 16. Nf3 Bf6 17. Kh1 Nd6 18. Re1 Nf5 19. e4 dxe4 20. dxe4 Nd4 21. Nxd4
cxd4 22. Nd5 d3 23. Qf2 Bxb2 24. Ne7+ Kf8 25. Nxc6 Qxc6 26. Qxb2 d2 27. Qxd2
Nc5 28. Qb4 Kg8 29. e5 Qc7 30. Bf1 Qc6+ 31. Bg2 Qc7 32. Bf1 Qc6+ 33. Bg2
1/2-1/2

[Event "NED-ch 1979"]
[Site "Leeuwarden"]
[Date "1979.??.??"]
[Round "13"]
[White "Van der Wiel, John"]
[Black "Bohm, Hans"]
[Result "1-0"]
[WhiteElo "2200"]
[BlackElo "2410"]
[PlyCount "77"]
[EventDate "1979.??.??"]
[Source "ChessBase"]
[SourceDate "1999.07.01"]

1. e4 Nf6 2. e5 Nd5 3. d4 d6 4. Nf3 Bg4 5. Be2 e6 6. O-O Be7 7. c4 Nb6 8. Nc3
O-O 9. Be3 d5 10. c5 Bxf3 11. gxf3 Nc8 12. f4 Bh4 13. Bd3 f5 14. exf6 g6 15.
f7+ Kh8 16. Qg4 Qf6 17. Kg2 Qe7 18. Rae1 Bf6 19. Bd2 Qxf7 20. Qxe6 Qxe6 21.
Rxe6 Ne7 22. Nb5 Na6 23. Rfe1 Nf5 24. c6 b6 25. Bxf5 gxf5 26. R1e3 Kg7 27. Ra3
Kf7 28. Rxf6+ Kxf6 29. Rxa6 Rf7 30. Kf3 Ke6 31. Ra3 Kf6 32. Rxa7 Rxa7 33. Nxa7
Ke7 34. a4 Rf6 35. a5 bxa5 36. Bxa5 Kd8 37. b4 Rh6 38. Kg2 Rg6+ 39. Kf1 1-0